00251nam a2200121Ia 45000030006000000080041000060400015000471000015000622450014000772600009000915460012001000050017001120STCL150530s9999 xx 000 0 und d aSTCLcSTCL aGalsworthy aFreelands c1927 aEnglish20220125171059.0